| 000 | 00732nam a2200181 a 4500 | ||
|---|---|---|---|
| 008 | 120228s2011 ||||||||||||||||| || u | ||
| 020 | _a9781444107845 | ||
| 050 | _aRJ 245 Chi | ||
| 100 | _aDavies, Alyson | ||
| 245 | 1 | 0 |
_aChildren and young people's nursing: principles for practice _cedited by Ruth Davies and Alyson Davies |
| 260 |
_aLondon: _bHodder and Stoughton _c2011 |
||
| 300 | _axvi, 414p.: ill. | ||
| 350 | _a0.00 | ||
| 650 | _aPEDIATRIC NURSING--PRINCIPLES AND APPLICATIONS | ||
| 650 | _aPEDIATRIC NURSING | ||
| 700 | _aDavies, Ruth | ||
| 995 |
_aMEDICAL LIBRARY OPEN ACCESS _e901790 _FCBU-SCHOOL OF MEDICINE LIBRARY (Ndola) _I0.00 _jRJ 245 Chi _M1 _UAVAILABLE _WJun 13, 2012 _y901790 _ZMedical Library Open Access Collection |
||
| 999 |
_c30966 _d30966 |
||